00310nam a2200121Ia 4500008004100000041000800041082001400049100001700063245003800080260003900118300002400157365000700181240624s9999 xx 000 0 und d aeng a659.1 OGI aOGILVY DAVID aCONFESSIONS OF AN ADVERTISING MAN c2005aLondonbSouthbank Publishing a207 : p. : cm. ; 20 cRS